| 000 | 00430nam a2200133Ia 4500 | ||
|---|---|---|---|
| 005 | 20260326235504.0 | ||
| 008 | 260326s9999||||xx |||||||||||||| ||und|| | ||
| 100 | _aChueca Goitia, Fernando | ||
| 245 | 0 |
_aHistoria de la Arquitectura Occidental / Tomo V - El Siglo XX : _b de la Revolución Industrial al Racionalismo / _cFernando Chueca Goitia |
|
| 260 | _bDossat | ||
| 300 | _a291 p. | ||
| 650 | _aARQUITECTURA MODERNA | ||
| 942 | _cBK | ||
| 999 |
_c8129 _d8129 |
||